U.S. States With the Highest Average Elevation - Statistics

General Stats
  • This quiz has been taken 32,835 times
  • The average score is 8 of 10
Answer Stats
Feet State Meters % Correct
6800 Colorado 2073
95%
3400 Montana 1036
90%
6100 Utah 1859
89%
6700 Wyoming 2042
86%
5000 Idaho 1524
85%
5500 Nevada 1676
83%
4100 Arizona 1250
82%
5700 New Mexico 1737
81%
3300 Oregon 1006
78%
3030 Hawaii 924
54%
No matching quizzes found
Score Distribution
Percent of People with Each Score
Percentile by Number Answered
Your Score History
You have not taken this quiz